[Event "GER-chT U14"]
[Site "Kelheim"]
[Date "2022.12.27"]
[Round "1"]
[White "Nolte, Matthis"]
[Black "Beck, Jason"]
[Result "1/2-1/2"]
[WhiteElo "1220"]
[BlackElo "1576"]
[PlyCount "135"]
[EventDate "2022.12.26"]
[EventType "team-swiss"]
[EventRounds "7"]
[EventCountry "GER"]
[SourceTitle "CBM 212 Extra"]
[Source "ChessBase"]
[SourceDate "2023.03.31"]
[SourceVersion "1"]
[SourceVersionDate "2023.03.31"]
[SourceQuality "1"]
[WhiteTeam "Paderborn Blauer Springer"]
[BlackTeam "Stassfurt Einheit"]
[WhiteTeamCountry "GER"]
[BlackTeamCountry "GER"]

1. e4 e5 2. Nf3 Nc6 3. Bc4 Bc5 4. c3 Nf6 5. d4 exd4 6. e5 d5 7. Bb5 Ne4 8. cxd4 Bb6 9. Be3 Bg4 10. h3 Bh5 11. g4 Bg6 12. Nc3 0-0 13. Ne2 f6 14. Nf4 Bf7 15. e6 Bg6 16. Qb3 Ba5+ 17. Kd1 Nb4 18. Nxg6 hxg6 19. a3 Nc6 20. Qa4 Bb6 21. Bxc6 bxc6 22. Qxc6 Qd6 23. Qxd6 Nxd6 24. Bd2 Rfe8 25. Re1 Ne4 26. Re2 Rxe6 27. Be3 Rae8 28. Ke1 c5 29. Rd1 c4 30. Rc1 Ba5+ 31. Kf1 Ng3+ 32. fxg3 Rxe3 33. Rxe3 Rxe3 34. Kf2 Rb3 35. Rc2 Bb6 36. Ke2 Rd3 37. Rd2 Rxd2+ 38. Kxd2 Bc7 39. Kc3 Bxg3 40. Kb4 Bf4 41. b3 a5+ 42. Kc3 cxb3 43. Kxb3 Bd6 44. Ka4 g5 45. Nd2 Bf4 46. Nb3 Bd6 47. Nc5 g6 48. Kxa5 f5 49. a4 f4 50. Nd3 f3 51. Kb5 Bg3 52. Kc5 Be1 53. Kxd5 f2 54. Nxf2 Bxf2 55. a5 Bg3 56. a6 Bb8 57. Kc6 Ba7 58. Kb7 Bxd4 59. Kc6 Kf7 60. Kd7 Be3 61. Kd6 Kf6 62. Kd5 Ba7 63. Kd6 Bf2 64. Kd5 Ke7 65. Ke5 Kd7 66. Kf6 Be3 67. Kxg6 Kc7 68. Kh5 1/2-1/2